000 002760000a22001090004500
090 _aAR
_b04408
245 1 0 _aOn the identification of endemism
041 0 _aInglés
100 1 _aMorrone, Juan J.
_94481
942 _cARTICULO
773 1 _tSystematic Biology
_h3
_q438-441
_d1994
_g43
999 _c13505
_d13505